Score 0/10 Timer 01:30
1 Play Today
Question Answer Wrong Answers
Boston Massachusetts
96.8%
Maine
0.6%
New Jersey
1%
Connecticut
0.6%
Baton Rouge Louisiana
94.8%
Maine
1.6%
New Mexico
1.2%
Wyoming
1.3%
Buffalo New York
94.6%
Oregon
2.8%
Alaska
0.9%
Florida
0.7%
Baltimore Maryland
93.6%
Massachusetts
2.9%
Georgia
0.9%
West Virginia
1.6%
Birmingham Alabama
93.3%
Florida
0.9%
New York
2.4%
Tennessee
2.3%
Berkeley California
93.2%
Arizona
2.7%
Alaska
1.5%
Texas
1.5%
Boise Idaho
92.3%
Montana
2.4%
Wyoming
2.2%
Michigan
2%
Bridgeport Connecticut
81%
Vermont
6.6%
Delaware
7.1%
Minnesota
4%
Brownsville Texas
67.4%
Oklahoma
17.5%
New Mexico
6.5%
Arizona
7.5%
Bellevue Washington
67%
North Dakota
11%
Wyoming
10%
Florida
10.9%
Come Together.
Have Fun.
All Virtual.
We all need to come together. Play Sporcle's virtual live trivia to have fun, connect with people, and get your trivia on. Join a live hosted trivia game for your favorite pub trivia experience done virtually. If a virtual private party is more your thing, go here for details.

You're not logged in!

Compare scores with friends on all Sporcle quizzes.
OR
Log In

Sporcle TV

Today on Sporcle TV


Watch our educational content, quiz creation guides, and fun videos on Sporcle TV.

Show Comments

Extras

Top Quizzes Today


Score Distribution

Paid Content

Your Account Isn't Verified!

In order to create a playlist on Sporcle, you need to verify the email address you used during registration. Go to your Sporcle Settings to finish the process.

Report this User

Report this user for behavior that violates our Community Guidelines.

Details: